| 000 | 00365nam a2200145Ia 4500 | ||
|---|---|---|---|
| 008 | 230312s9999||||xx |||||||||||||| ||und|| | ||
| 020 | _a978-1626360129 | ||
| 082 |
_a749.03 _bBOY-D |
||
| 100 | _aBoyce;Charles | ||
| 245 | 0 | _aDictionary of Furniture | |
| 260 |
_bSkyhorse Publisher _aChina _c2014 |
||
| 300 | _a378 | ||
| 650 |
_aArchitecture _vInterior |
||
| 942 | _cBK | ||
| 999 |
_c14388 _d14388 |
||